LEADER 01475nam a2200325 i 4500 001 000000172266 003 CaOOAMICUS 005 20090122000000.0 008 090122s2007 it u000 u ita u 013 $a149707 020 $a978-88-8227-219-7 040 $aSeMil$bita 100 1 $aBeauchamp, Paul,$c.$0(OLS)http://semarc/name/1070 240 10$aTestament biblique.$0(OLS)http://semarc/title/246640 245 10$aTestamento biblico /$cPaul Beauchamp ; prefazione di Paul Ricoeur ; [trad. di Augusto Debove e Valerio Lanzarini]. 260 $aMagnano :$bQiqajon,$c2007. 300 $a174 p. ;$c21 cm. 490 0 $aSpiritualitą biblica 650 4$aTeologia biblica - Saggi.$0(OLS)http://semarc/subject/760 650 4$aBeauchamp, Paul - Bibbia - Meditazioni.$0(OLS)http://semarc/subject/32790 700 1 $aLanzarini, Valerio.$0(OLS)http://semarc/name/43723 700 1 $aDebove, Augusto.$0(OLS)http://semarc/name/64408 700 1 $aRicoeur, Paul,$d<1913-2005>.$0(OLS)http://semarc/name/675 830 0$aSpiritualitą biblica.$0(OLS)http://semarc/title/7888 850 $aSeMil 852 $aSeMil$W1$xVenegono$y1$m2V II 238$j123128$B123128$CSeMilBibl$Z2$F139275 $81 961 $aCambio: Scuola Cattolica 996 $6020$a978-88-8227-219-7$9(OLS)http://semarc/number/159606 996 $6245$aTestamento biblico$9(OLS)http://semarc/title/246639 996 $6260$aMagnano :$bQiqajon$9(OLS)http://semarc/publisher/32326 LEADER 01330nam a2200265 i 4500 001 000000176613 003 CaOOAMICUS 005 20081215000000.0 008 081215s2004 it u000 u ita u 013 $a154102 020 $a88-7860-191-8 040 $aSeMil$bita 100 1 $aArdusso, Franco <1935-2005>.$0(OLS)http://semarc/name/3606 245 10$aDivinizzazione dell'uomo e redenzione del peccato :$ble teologie della salvezza nel cristianesimo di Oriente e di Occidente /$cFranco Ardusso ... [et al.]. 260 $aTorino :$bFondazione Giovanni Agnelli,$c2004. 300 $aXIII, 140 p. ;$c21 cm. 490 0 $aCollana del Centro di studi religiosi comparati Edoardo Agnelli 650 4$aSalvezza.$0(OLS)http://semarc/subject/8205 830 0$aCollana del Centro di studi religiosi comparati Edoardo Agnelli.$0(OLS)http://semarc/title/14734 850 $aSeMil 852 $aSeMil$W1$xVenegono$y1$m2D III 276$j127433$B127433$CSeMilBibl$Z2$F137889 $81 961 $aOmaggio: Altro 996 $6020$a88-7860-191-8$9(OLS)http://semarc/number/165236 996 $6245$aDivinizzazione dell'uomo e redenzione del peccato :$ble teologie della salvezza nel cristianesimo di Oriente e di Occidente$9(OLS)http://semarc/title/253554 996 $6260$aTorino :$bFondazione Giovanni Agnelli$9(OLS)http://semarc/publisher/33072